000 00313nam a22001337a 4500
008 170809b xxu||||| |||| 00| 0 eng d
020 _a9780137566105
041 _aeng
080 _24TH
_a004
100 _a35
101 _aSHKI
245 _aIBM PC ASSEMBLY LANGUAGE AND PROGRAMMING
_cABEL, P
942 _2udc
_cBK
999 _c22936
_d22936